[Event "PRO League Stage"]
[Site "Chess.com INT"]
[Date "2020.02.12"]
[Round "6"]
[White "Kozak, Adam"]
[Black "Eljanov, Pavel"]
[Result "1-0"]
[WhiteElo "2523"]
[BlackElo "2656"]
[PlyCount "61"]
[EventDate "2020.01.06"]
[EventType "team-swiss (rapid)"]
[EventRounds "7"]
[EventCountry "USA"]
[SourceTitle "CBM 194 Extra"]
[Source "ChessBase"]
[SourceDate "2020.03.31"]
[SourceVersion "1"]
[SourceVersionDate "2020.03.31"]
[SourceQuality "1"]
[WhiteTeam "Hungary Hunters"]
[BlackTeam "Israel Counsellors"]
[WhiteTeamCountry "HUN"]
[BlackTeamCountry "ISR"]

1. Nf3 {Roiz,Michael} d5 2. g3 Bg4 3. Bg2 c6 4. O-O e6 5. h3 Bh5 6. d4 ({RR} 6. d3 Nd7 7. c4 Bxf3 8. Bxf3 dxc4 9. dxc4 Ne5 10. Qb3 Nxf3+ 11. exf3 Qc8 12. Nc3 Nf6 13. Bg5 Be7 14. Rad1 Qc7 15. Rfe1 O-O 16. Bf4 Qb6 17. Qxb6 axb6 18. a3 Rfc8 19. g4 h6 20. h4 Ne8 {Eljanov,P (2694)-Kozak,A (2571) Budapest HUN 2023 ½-½ (54)}) 6... Nd7 ({RR} 6... Nf6 7. c4 Nbd7 8. cxd5 exd5 9. Qb3 Qb6 10. Qe3+ Be7 11. Nh4 Bg6 12. Nc3 Kf8 13. Nxg6+ hxg6 14. Qd3 Re8 15. Rb1 Kg8 16. b4 a6 17. Re1 Nf8 18. e4 dxe4 19. Nxe4 Nxe4 20. Rxe4 Qd8 21. Qe2 {Vachier Lagrave,M (2758)-Kramnik,V (2777) Berlin 2015 ½-½ (63)}) 7. c4 ({RR} 7. Ne5 Nxe5 8. dxe5 h6 9. c4 f6 10. cxd5 exd5 11. g4 Bf7 12. Bf4 fxe5 13. Bxe5 Nf6 14. Qb3 Qb6 15. Qg3 Be7 16. Nc3 O-O 17. Rad1 Rfe8 18. h4 Nd7 19. Bd4 Qd8 20. g5 hxg5 21. hxg5 Bxg5 {Savitha,S (2332)-Wang,Q (2165) Petrovac MNE 2025 ½-½ (70)}) 7... Be7 ({RR} 7... Ngf6 8. cxd5 exd5 ({RR} 8... cxd5 9. Nc3 Bd6 10. Qb3 Qb6 11. Qxb6 Nxb6 12. Nb5 Bb8 13. g4 Bg6) 9. Nh4 Ne4 ({RR} 9... Be7) 10. Nc3 Nd6 11. Bf4) ({RR} 7... dxc4 8. Qc2 ({RR} 8. Nbd2) 8... Nb6 9. Nbd2 Bg6 10. Qc3 Nf6 11. Ne5 Nfd5 12. Qf3 Qf6 13. Ndxc4 Qxf3 14. Bxf3 Nxc4 15. Nxc4) 8. Nc3 $146 ({RR} 8. cxd5 exd5 9. Nc3 Ngf6 ({RR} 9... Bxf3 10. Bxf3 Ngf6) 10. Nh4 ({RR} 10. Ne5 Nxe5 ({RR} 10... Bg6 11. f4 Be4 12. Nxe4 Nxe4 13. Bxe4 dxe4 14. Qb3) 11. dxe5 Nd7 12. f4 f5 13. Be3 Bc5) 10... O-O 11. f4 ({RR} 11. g4 Bg6 12. Nxg6 hxg6 13. f3 c5 14. e3) 11... Ne4 ({RR} 11... Ne8 12. Nf5 Bb4 13. g4 Bg6) 12. Nf5 ({RR} 12. Bxe4 dxe4 ({RR} 12... Bxh4 13. Bb1 Bxg3 14. Qd3) 13. Nf5 Bb4 14. Ne3 Bxc3 15. bxc3 f5 16. c4) 12... Nxc3 13. bxc3 f6 14. Qb3 Nb6 15. e4 Re8 ({RR} 15... Be2 16. Re1 Bc4 17. Qb1 Re8 18. Ne3) 16. g4 Bf7 17. Nxe7+ ({RR} 17. e5 Bf8 18. Ne3 c5 19. a4) 17... Qxe7 18. e5 Nc4 ({RR} 18... fxe5 19. fxe5 ({RR} 19. dxe5 d4 20. Qb4 Qxb4 21. cxb4 Rad8) 19... Nc4 20. a4 Bg6 21. Ra2 Rf8 22. Raf2 Rxf2 23. Rxf2 Rf8) 19. Qc2 ({RR} 19. exf6 Qxf6 ({RR} 19... gxf6 20. f5) 20. Qxb7 Rab8 21. Qxa7 Ra8 22. Qd7 Re7 23. g5 Rxd7 24. gxf6 gxf6) 19... fxe5 20. dxe5 Rad8 21. Qf2 c5 22. Re1 Qc7 {Vachier Lagrave,M (2785)-Gunina,V (2496) Caleta 2016 CBM 171 [Roiz,Michael] 1-0 (34)} {RR} 23. Be3 d4 24. cxd4 Nxe3 25. Rxe3 cxd4 26. Rd3 g5) 8... dxc4 9. b3 cxb3 10. Qxb3 Qb6 11. Qa4 Qd8 12. Rd1 Bxf3 13. Bxf3 Ngf6 14. Rb1 Nb6 15. Qb3 Rb8 16. e4 O-O 17. Bf4 Rc8 18. a4 h6 19. Kg2 g5 20. Be3 Rb8 21. d5 exd5 22. exd5 Nbxd5 23. Nxd5 Nxd5 24. Bxa7 Ra8 25. Qxb7 Qa5 26. Rxd5 Qxa7 27. Qxc6 Qxa4 28. Qxh6 Ra6 29. Qh5 Qc2 30. Re1 Bf6 31. Be4 1-0

[Event "PRO League Stage"]
[Site "Chess.com INT"]
[Date "2020.02.12"]
[Round "6"]
[White "Van Wely, Loek"]
[Black "Erigaisi, Arjun Kumar"]
[Result "1-0"]
[WhiteElo "2609"]
[BlackElo "2575"]
[PlyCount "133"]
[EventDate "2020.01.06"]
[EventType "team-swiss (rapid)"]
[EventRounds "7"]
[EventCountry "USA"]
[SourceTitle "CBM 194 Extra"]
[Source "ChessBase"]
[SourceDate "2020.03.31"]
[SourceVersion "1"]
[SourceVersionDate "2020.03.31"]
[SourceQuality "1"]
[WhiteTeam "Netherlands Mosquitoes"]
[BlackTeam "Norway Gnomes"]
[WhiteTeamCountry "NED"]
[BlackTeamCountry "NOR"]

1. Nf3 d5 2. g3 Nf6 3. Bg2 Bg4 4. O-O Nbd7 5. d3 c6 6. h3 Bh5 7. Nbd2 e5 8. e4 dxe4 9. dxe4 Bc5 10. Qe2 O-O 11. a4 ({RR} 11. Nb3 Bb6 12. Rd1 Qe7 13. g4 Bg6 14. Nh4 a5 15. Nf5 Bxf5 16. exf5 a4 17. Nd2 Nd5 18. Nc4 Bc7 19. Bxd5 cxd5 20. Rxd5 e4 21. Kg2 {½-½ (21) Varga,Z (2304)-Pribelszky,B (2391) Budapest HUN 2025}) 11... Qe7 ({RR} 11... a5 12. Nc4 Re8 13. Rd1 Qc7 14. g4 Bg6 15. Nh4 Nf8 16. g5 Nh5 17. Nxg6 hxg6 18. Bf3 Nf4 19. Bxf4 exf4 20. h4 Qe7 21. Kg2 Nd7 22. Rd2 Ne5 23. Nxe5 Qxe5 24. c3 Rad8 25. Rad1 Bb6 26. Rd7 {Anand,V (2785)-Ragger,M (2632) Dubai 2014 0-1 (66)}) 12. a5 $146 ({RR} 12. g4 Bg6 13. Nh4 Rfe8 14. Nf5 Bxf5 15. exf5 Nd5 16. Ne4 N7f6 17. Qf3 Nxe4 18. Qxe4 h6 19. c3 a6 20. Bd2 Rad8 21. Rad1 Nf6 22. Qc4 b5 23. axb5 axb5 24. Qe2 Nd5 25. Qe4 Rd6 26. Bc1 Nf6 {Kanep,M (2449)-Valgmae,T (2270) Puhajarve 2017 ½-½}) 12... a6 13. c3 Rad8 14. Nc4 Qe6 15. g4 Bg6 16. Nh4 Be7 17. Nf5 Nc5 18. Bg5 h6 19. Bh4 Nd3 20. Nxe7+ Qxe7 21. Bg3 Rfe8 22. Qe3 Qe6 23. b3 Nf4 24. Bxf4 exf4 25. Qxf4 Bxe4 26. Rfe1 Qd5 27. Nb6 Qg5 28. Qxg5 hxg5 29. Na4 Bxg2 30. Rxe8+ Rxe8 31. Kxg2 Nd5 32. Kf3 Re5 33. b4 g6 34. Rc1 Kg7 35. Nc5 Re7 36. Nd3 Nc7 37. Nc5 Nd5 38. Ne4 f6 39. Rc2 Nf4 40. Nc5 Nxh3 41. Rd2 Nf4 42. Rd8 Nd5 43. Rb8 Nxc3 44. Nxb7 Ne4 45. Nd8 Nd2+ 46. Kg2 Re4 47. Rb7+ Kg8 48. Nxc6 Rxg4+ 49. Kh3 Rh4+ 50. Kg3 Ne4+ 51. Kf3 Rf4+ 52. Ke3 Nd6 53. Ra7 Nf5+ 54. Ke2 Nd4+ 55. Nxd4 Rxd4 56. Rb7 Re4+ 57. Kd3 Re1 58. b5 axb5 59. a6 Ra1 60. a7 f5 61. Rb8+ Kg7 62. a8=Q Rxa8 63. Rxa8 g4 64. Ke3 Kf6 65. Rb8 Kg5 66. Rxb5 Kh4 67. Kf4 1-0

[Event "PRO League Stage"]
[Site "Chess.com INT"]
[Date "2020.02.12"]
[Round "6"]
[White "Amin, Bassem"]
[Black "Nasuta, Grzegorz"]
[Result "1-0"]
[WhiteElo "2673"]
[BlackElo "2561"]
[PlyCount "111"]
[EventDate "2020.01.06"]
[EventType "team-swiss (rapid)"]
[EventRounds "7"]
[EventCountry "USA"]
[SourceTitle "CBM 194 Extra"]
[Source "ChessBase"]
[SourceDate "2020.03.31"]
[SourceVersion "1"]
[SourceVersionDate "2020.03.31"]
[SourceQuality "1"]
[WhiteTeam "Sweden Wasabis"]
[BlackTeam "Poland Hussars"]
[WhiteTeamCountry "SWE"]
[BlackTeamCountry "POL"]

1. Nf3 c5 2. g3 Nc6 3. Bg2 e5 4. e4 d6 5. O-O g6 6. c3 Bg7 7. a3 a5 8. a4 Nge7 9. Na3 O-O 10. d3 h6 ({RR} 10... d5 11. Nb5 d4 12. cxd4 cxd4 13. b3 h6 14. Ba3 Be6 15. Rc1 Rc8 16. Nd6 Rb8 17. Nd2 Nb4 18. N2c4 Nec6 19. f4 Bxc4 20. Nxc4 b5 21. Bxb4 axb4 22. axb5 Rxb5 23. Ra1 exf4 24. gxf4 Na5 25. e5 {Aranda,J (2102)-Morales Garcia,S (2249) chess.com INT 2024 0-1 (47)}) 11. Be3 ({RR} 11. Nh4 g5 12. Nf3 f5 13. exf5 Bxf5 14. Be3 Qd7 15. Re1 Bg4 16. Qb3+ Be6 17. Qc2 Nd5 18. Nd2 Nf4 19. Bxf4 gxf4 20. Nac4 Qc7 21. Qd1 d5 22. Na3 Qf7 23. Qe2 Rad8 24. Nb5 Kh8 25. Rad1 Bf5 {Nakamura,H (2781)-Iturrizaga Bonelli,E (2650) Chess.com INT 2018 1-0}) 11... Be6 12. Nd2 $146 ({RR} 12. d4 exd4 13. cxd4 d5 14. e5 Nf5 15. Nb5 cxd4 16. Bxd4 Nfxd4 17. Nbxd4 Nxe5 18. Nxe5 Bxe5 19. Nxe6 fxe6 20. Qe2 Qf6 21. Rae1 Bxb2 22. Qxe6+ Qxe6 23. Rxe6 Rad8 24. Rxg6+ Bg7 25. Rd1 d4 26. Rd3 Rf7 {De Coverly,R (2077)-Mercs,P (2114) England 2016 ½-½ (68)}) 12... b6 13. Ndc4 d5 14. exd5 Nxd5 15. Qd2 Kh7 16. Rae1 Rb8 17. Nb5 Qd7 18. Qe2 Rfd8 19. Bc1 Nde7 20. f4 Qxd3 21. Qxd3 Rxd3 22. Nxe5 Nxe5 23. fxe5 Rd7 24. Nd6 Nf5 25. Bc6 Rc7 26. Bb5 Rd8 27. Bf4 Re7 28. h4 Bd7 29. Bxd7 Nxd6 30. e6 fxe6 31. Bxe6 Rde8 32. Bxd6 Rxe6 33. Rxe6 Rxe6 34. Bc7 Kg8 35. Kf2 Rc6 36. Bf4 Kf7 37. Rd1 Ke7 38. Ke3 Re6+ 39. Kd3 Be5 40. Bxh6 Bxg3 41. Bg5+ Kf7 42. Rg1 Bc7 43. Rg2 Re5 44. Kc4 Rf5 45. Kb5 Ke6 46. Kc6 Bf4 47. Bd8 Kf7 48. c4 Be3 49. b3 Bd4 50. Rg3 Bf2 51. Rh3 Bd4 52. Bxb6 Rf6+ 53. Kb5 Ke7 54. Bxa5 Kd7 55. Bb6 Kc8 56. a5 1-0

[Event "PRO League Stage"]
[Site "Chess.com INT"]
[Date "2020.02.12"]
[Round "6"]
[White "Meskovs, Nikita"]
[Black "Heberla, Bartlomiej"]
[Result "1-0"]
[WhiteElo "2566"]
[BlackElo "2575"]
[PlyCount "79"]
[EventDate "2020.01.06"]
[EventType "team-swiss (rapid)"]
[EventRounds "7"]
[EventCountry "USA"]
[SourceTitle "CBM 194 Extra"]
[Source "ChessBase"]
[SourceDate "2020.03.31"]
[SourceVersion "1"]
[SourceVersionDate "2020.03.31"]
[SourceQuality "1"]
[WhiteTeam "Sweden Wasabis"]
[BlackTeam "Poland Hussars"]
[WhiteTeamCountry "SWE"]
[BlackTeamCountry "POL"]

1. Nf3 Nf6 2. g3 d6 3. Bg2 Nbd7 4. c4 ({RR} 4. O-O e5 5. d3 Be7 6. e4 O-O 7. Nc3 c6 8. Re1 a6 9. Bg5 b5 10. a3 h6 11. Bxf6 Nxf6 12. d4 Qc7 13. dxe5 dxe5 14. Qe2 Bg4 15. h3 Bxf3 16. Bxf3 a5 17. Bg2 Nd7 18. Qg4 Nc5 {Ejsymont,B (2003)-Torres,Y (2016) chess.com INT 2025 0-1 (38)}) 4... e5 ({RR} 4... c6 5. Nc3 Nb6 6. b3 d5 7. cxd5 cxd5 8. Ba3 g6 9. Rc1 Bg7 10. O-O O-O 11. d4 Bf5 12. Ne5 Nc8 13. Bb2 Be6 14. Nd3 Bh6 15. e3 Bg4 16. Ne2 Nd6 17. Ne5 Bf5 18. Nc3 Nde4 19. Na4 {Hansen,S (2564)-Fries Nielsen,J (2416) Sweden 2014 1-0 (42)}) 5. O-O $146 ({RR} 5. b3 c6 6. Bb2 Qc7 7. O-O Be7 8. d3 O-O 9. Nc3 a5 10. Qc2 Re8 11. e3 Bf8 12. Nd2 g6 13. a3 Bg7 14. b4 Nf8 15. b5 Be6 16. Rac1 h6 17. h3 N6d7 18. f4 Nc5 19. Nce4 Nxe4 {Voicu Jagodzinsky,C (2244)-Michna,M (2350) Magdeburg 2020 0-1 (37)}) 5... Be7 6. b3 O-O 7. Bb2 c6 8. d3 Re8 9. Nbd2 Bf8 10. e4 a6 11. d4 b5 12. Rc1 Bb7 13. Re1 g6 14. h3 c5 15. dxe5 Nxe5 16. Nxe5 dxe5 17. Qc2 Nh5 18. Rcd1 Ng7 19. Nf1 Qb8 20. Ne3 Ne6 21. Nd5 Bg7 22. h4 Nd4 23. Bxd4 exd4 24. f4 b4 25. e5 a5 26. h5 gxh5 27. Qf5 Bc8 28. Qg5 Bg4 29. Nf6+ Kh8 30. Nxg4 hxg4 31. Bxa8 Qxa8 32. Qxg4 Rg8 33. Kf2 d3 34. Qf3 Qa6 35. Rxd3 a4 36. Rd6 Qa7 37. Rh1 axb3 38. Rxh7+ Kxh7 39. Qh5+ Bh6 40. Qxh6# 1-0

[Event "PRO League Stage"]
[Site "Chess.com INT"]
[Date "2020.02.17"]
[Round "7"]
[White "Markus, Robert"]
[Black "Yilmaz, Mustafa"]
[Result "1-0"]
[WhiteElo "2599"]
[BlackElo "2607"]
[PlyCount "153"]
[EventDate "2020.01.06"]
[EventType "team-swiss (rapid)"]
[EventRounds "7"]
[EventCountry "USA"]
[SourceTitle "CBM 194 Extra"]
[Source "ChessBase"]
[SourceDate "2020.03.31"]
[SourceVersion "1"]
[SourceVersionDate "2020.03.31"]
[SourceQuality "1"]
[WhiteTeam "Hungary Hunters"]
[BlackTeam "Turkey Knights"]
[WhiteTeamCountry "HUN"]
[BlackTeamCountry "TUR"]

1. Nf3 e6 2. g3 b5 3. e3 a6 4. a4 b4 5. Bg2 Bb7 6. O-O $146 ({RR} 6. d3 c5 7. Nbd2 Nf6 8. e4 d6 9. O-O Nbd7 10. Nc4 Be7 11. Bf4 e5 12. Bd2 O-O 13. Nh4 g6 14. Bg5 d5 15. exd5 Bxd5 16. Bxf6 Nxf6 17. Nxe5 Nh5 18. Bxd5 Qxd5 19. Nhf3 Bf6 20. Nc4 Rad8 {Anikaev,Y (2460)-Korzubov,P (2450) Minsk 1983 1-0 (70)}) 6... Nf6 7. c4 c5 8. b3 d5 9. d3 Be7 10. Bb2 O-O 11. Nbd2 Nbd7 12. Qe2 a5 13. Rac1 Qb8 14. Rfd1 Rd8 15. Ne1 Nb6 16. e4 dxc4 17. dxc4 Nfd7 18. Nd3 e5 19. Nf1 f6 20. Ne3 Bd6 21. Qg4 Bf8 22. Nd5 Bc8 23. Qe2 Bd6 24. Bh3 Qb7 25. Rc2 Nf8 26. Bxc8 Nxc8 27. Bc1 Ne6 28. Be3 Na7 29. Qg4 Qf7 30. Ne1 Nc6 31. Nf3 Ncd4 32. Bxd4 cxd4 33. Ne1 Nc5 34. Rb2 Rf8 35. Nd3 Kh8 36. Nxc5 Bxc5 37. Rd3 g6 38. Re2 f5 39. Qh4 Rae8 40. Kg2 Qg7 41. Rf3 Rf7 42. Rd3 Ref8 43. f3 g5 44. Qh5 g4 45. exf5 Rxf5 46. Qxg4 Rg5 47. Qe4 Bd6 48. Rf2 Rh5 49. Kf1 Qh6 50. h4 Qc1+ 51. Kg2 Rg8 52. Nf6 Rh6 53. Nxg8 Kxg8 54. Re2 Rg6 55. Rdd2 Qc3 56. Rd3 Qc1 57. h5 Rf6 58. Qg4+ Kf8 59. c5 Qxc5 60. Rdd2 Qd5 61. Rc2 d3 62. Rc8+ Ke7 63. Rd2 Qxb3 64. Qe4 Qxa4 65. Qxh7+ Rf7 66. Qxd3 Qd7 67. Ra8 Rg7 68. Ra7 Qxa7 69. Qxd6+ Kf7 70. Qxe5 Qe7 71. Qxa5 Kg8 72. Qd5+ Kh8 73. Qd8+ Kh7 74. Qd3+ Kh6 75. g4 Kg5 76. Kh3 Qf6 77. Qe3+ 1-0

[Event "PRO League Stage"]
[Site "Chess.com INT"]
[Date "2020.02.17"]
[Round "7"]
[White "Movsesian, Sergei"]
[Black "Savchenko, Boris"]
[Result "1-0"]
[WhiteElo "2641"]
[BlackElo "2573"]
[PlyCount "133"]
[EventDate "2020.01.06"]
[EventType "team-swiss (rapid)"]
[EventRounds "7"]
[EventCountry "USA"]
[SourceTitle "CBM 194 Extra"]
[Source "ChessBase"]
[SourceDate "2020.03.31"]
[SourceVersion "1"]
[SourceVersionDate "2020.03.31"]
[SourceQuality "1"]
[WhiteTeam "Israel Counsellors"]
[BlackTeam "Russia Wizards"]
[WhiteTeamCountry "ISR"]
[BlackTeamCountry "RUS"]

1. Nf3 g6 2. g3 Bg7 3. Bg2 e5 4. O-O f5 5. d3 d6 6. c4 ({RR} 6. Nc3 Nf6 7. e4 c6 8. Re1 O-O 9. d4 Nxe4 10. Nxe4 fxe4 11. Rxe4 d5 12. Rxe5 Bxe5 13. Nxe5 Nd7 14. Bf4 Nxe5 15. Bxe5 Be6 16. Qd2 Qd7 17. Qh6 Rae8 18. h4 Bg4 19. Re1 Rf7 20. Re3 Ref8 {Lewicki,M (2348)-Klenburg,M (2346) Chess.com INT 2021 1-0 (40)}) 6... Ne7 ({RR} 6... c5 7. Nc3 Nc6 8. Nd5 Be6 9. a3 Nf6 10. Ne1 O-O 11. Nc2 h6 12. e3 g5 13. b4 f4 14. exf4 exf4 15. Rb1 Bxd5 16. cxd5 Ne5 17. d4 f3 18. dxe5 fxg2 19. Kxg2 dxe5 20. Ne3 e4 21. Bb2 {Srdanovic,J (2207)-Romero Ruscalleda,J (2161) chess.com INT 2025 1-0 (61)}) 7. Qb3 $146 ({RR} 7. Nc3 c6 8. Bd2 h6 9. b4 O-O 10. b5 Be6 11. Ne1 Nd7 12. Nc2 d5 13. bxc6 bxc6 14. cxd5 cxd5 15. Rb1 Rb8 16. d4 e4 17. Bf4 Rxb1 18. Qxb1 g5 19. Bd6 Nb6 20. Bc5 Rf7 21. Nb4 Qd7 {Behnick,E-Rasch,H (2240) Germany 1996 0-1 (35)}) 7... c5 8. Nc3 Nbc6 9. Nd5 h6 10. e4 fxe4 11. dxe4 O-O 12. Be3 g5 13. Ne1 Rb8 14. Nd3 Be6 15. Rad1 a6 16. Nxc5 dxc5 17. Bxc5 Qe8 18. Nc7 Qf7 19. Nxe6 Qxe6 20. Rd6 Qf7 21. Bh3 Kh8 22. Rd7 b6 23. Bd6 Rbd8 24. Qxb6 Rxd7 25. Bxd7 Nd4 26. Bg4 Nc8 27. Qxa6 Nxd6 28. Qxd6 Qxc4 29. Qd5 Qc2 30. b4 Qa4 31. Qc4 Ra8 32. Rb1 Bf8 33. Kg2 Qxa2 34. Qxa2 Rxa2 35. b5 Bd6 36. b6 Kg7 37. b7 Bb8 38. Rb6 Nc2 39. Rb3 Ra3 40. Rb2 Ne1+ 41. Kf1 Nd3 42. Rb6 Ra7 43. Bf5 Nc5 44. Rg6+ Kf7 45. Rxh6 Rxb7 46. Rh7+ Kg8 47. Rh5 Rg7 48. Ke2 Ba7 49. h3 Kf7 50. Rh6 Ke7 51. Rc6 Kd8 52. Kf3 Rc7 53. Rd6+ Ke7 54. Rd5 Kf6 55. Kg4 Rc6 56. Rd8 Nb3 57. Rg8 Bxf2 58. Rg6+ Ke7 59. Rxc6 Nd4 60. Ra6 Be3 61. h4 gxh4 62. gxh4 Kf7 63. h5 Kg7 64. Rg6+ Kh8 65. h6 Kh7 66. Kh5 Kh8 67. Rd6 1-0

[Event "Titled Tuesday intern op 7th Januar"]
[Site "Chess.com INT"]
[Date "2020.01.07"]
[Round "1"]
[White "Bogner, Sebastian"]
[Black "Sadhwani, Raunak"]
[Result "1-0"]
[WhiteElo "2567"]
[BlackElo "2522"]
[PlyCount "90"]
[EventDate "2020.01.07"]
[EventType "swiss (blitz)"]
[EventRounds "10"]
[EventCountry "USA"]
[SourceTitle "EXT 2021"]
[Source "ChessBase"]
[SourceDate "2020.10.23"]
[SourceVersion "1"]
[SourceVersionDate "2020.10.23"]
[SourceQuality "1"]

1. Nf3 {Ramirez Alvarez,Alejandro} d5 2. c4 d4 3. g3 Nc6 4. Bg2 e5 5. d3 Bb4+ 6. Bd2 a5 7. O-O Nge7 8. Na3 ({RR} 8. Bxb4 axb4 9. Nbd2 O-O 10. a3 bxa3 11. Qb3 Bg4 12. Rxa3 Rb8 13. h3 Bh5 14. c5 Kh8 15. g4 Bg6 16. Nh4 f6 17. Nxg6+ Nxg6 18. Ne4 Nh4 19. Ng3 Nxg2 20. Kxg2 Ne7 21. h4 Qd7 22. f3 Nd5 {Anand,V (2797)-Kramnik,V (2783) Zuerich 2015 CBM 164 Extra [Ramirez Alvarez,Alejandro] 1-0 (31)}) ({RR} 8. e4 dxe3 9. Bxe3 Bf5 10. d4 exd4 11. Nxd4 Bd7 12. a3 Bd6 13. c5 Be5 14. Nc3 O-O 15. Qd2 Nxd4 16. Bxd4 Bc6 17. Rad1 Bxg2 18. Kxg2 Bxd4 19. Qxd4 Nc6 20. Qxd8 Rfxd8 21. Nd5 Rac8 22. Rd2 Kf8 {Schulz,K (2166)-Johnson,J (2277) chess.com INT 2024 0-1}) 8... f6 $146 ({RR} 8... O-O 9. Nb5 Bg4 10. a3 Bxd2 11. Nxd2 Qd7 12. Re1 Rac8 13. Qa4 Bh3 14. Bh1 Ng6 15. Ne4 Rce8 16. b4 f5 17. Ng5 f4 18. Nxc7 Qxc7 19. Nxh3 h6 20. Qb5 Qc8 21. Bg2 Kh8 22. bxa5 e4 23. dxe4 {Mickiewicz,P (2233)-Pert,R (2416) Chess.com INT 2020 0-1 (39)}) 9. e3 Bg4 10. Nc2 Bxd2 11. Qxd2 O-O 12. exd4 Bxf3 13. Bxf3 Nxd4 14. Nxd4 Qxd4 15. Bxb7 Rab8 16. Bg2 Qc5 17. Rab1 Rfd8 18. Qc3 Qb4 19. Qc2 Nf5 20. a3 Qb3 21. Bd5+ Kh8 22. Qc3 Nd4 23. Qxa5 c6 24. Be4 f5 25. Bg2 Re8 26. Rfe1 Qxd3 27. Rbd1 Qc2 28. b4 Rbd8 29. Kh1 e4 30. Rf1 Qxc4 31. Rc1 Qe6 32. Qb6 Qa2 33. Rcd1 Qb2 34. a4 Rd5 35. a5 Qe2 36. Rxd4 Rb5 37. Qxc6 Rbb8 38. Qc4 Qb2 39. a6 Rbc8 40. Qd5 h6 41. b5 e3 42. fxe3 Rxe3 43. a7 Ree8 44. Ra4 Red8 45. Qxf5 Rc1 1-0

[Event "Titled Tuesday intern op 7th Januar"]
[Site "Chess.com INT"]
[Date "2020.01.07"]
[Round "4"]
[White "Firouzja, Alireza"]
[Black "Savchenko, Boris"]
[Result "1-0"]
[WhiteElo "2723"]
[BlackElo "2573"]
[PlyCount "47"]
[EventDate "2020.01.07"]
[EventType "swiss (blitz)"]
[EventRounds "10"]
[EventCountry "USA"]
[SourceTitle "EXT 2021"]
[Source "ChessBase"]
[SourceDate "2020.10.23"]
[SourceVersion "1"]
[SourceVersionDate "2020.10.23"]
[SourceQuality "1"]

1. Nf3 e6 2. g3 b5 3. Bg2 Bb7 4. O-O Nf6 ({RR} 4... c5 5. b3 d6 6. c4 b4 7. Bb2 Nd7 8. d4 Ngf6 9. Nbd2 Be7 10. Re1 O-O 11. e4 cxd4 12. Nxd4 Nc5 13. e5 dxe5 14. Bxb7 Nxb7 15. Nc6 Qc7 16. Nxe7+ Qxe7 17. Bxe5 Rfd8 18. Bxf6 Qxf6 19. Ne4 {Vitiugov,N (2736)-Bukavshin,I (2648) Sochi 2015 ½-½ (37)}) ({RR} 4... c5 5. d3 Nc6 6. e4 d6 7. d4 cxd4 8. Nxd4 Nxd4 9. Qxd4 Ne7 10. a4 Nc6 11. Qd3 b4 12. Bf4 Be7 13. Nd2 O-O 14. Rfd1 Rc8 15. Nb3 e5 16. Be3 a5 17. Qb5 Rb8 18. Bb6 Qc8 19. Nxa5 {Maletin,P (2587)-Savchenko,B (2556) St Petersburg 2015 1-0 (36)}) 5. Na3 ({RR} 5. a4 b4 6. b3 a5 7. Bb2 Be7 8. d3 O-O 9. Nbd2 Na6 10. e4 d5 11. Qe2 Nc5 12. Ne5 Ra6 13. f4 Qa8 14. Kh1 dxe4 15. d4 e3 16. Ndf3 Nce4 17. Qxe3 Nc3 18. Rae1 Rd8 19. f5 Nfd5 {Rasti,A (2232)-Bowcott-Terry,F (2199) chess.com INT 2025 0-1 (65)}) 5... a6 $146 ({RR} 5... b4 6. Nc4 d5 7. Nce5 h6 8. d4 c5 9. a3 bxa3 10. Rxa3 Nbd7 11. Nxd7 Nxd7 12. Ra2 Be7 13. Be3 c4 14. Ne5 Qc7 15. f4 O-O 16. Nf3 f5 17. c3 Bc6 18. h3 a5 19. g4 fxg4 20. hxg4 {Gaifullin,A (2453)-Kulaev,M (2177) Samara 2019 ½-½ (80)}) 6. b3 d5 7. Bb2 c5 8. d3 Be7 9. c4 bxc4 10. dxc4 O-O 11. cxd5 exd5 12. Rc1 Nbd7 13. Nh4 g6 14. Nc4 Re8 15. Ne3 Nb6 16. Qd2 Bf8 17. Nef5 Ng4 18. h3 Ne5 19. Nh6+ Kg7 20. f4 Kxh6 21. fxe5+ Qg5 22. Qxg5+ Kxg5 23. Rxf7 Bc6 24. Rcf1 1-0

[Event "Satu Mare Foisor Super 8"]
[Site "Satu Mare"]
[Date "2020.01.19"]
[Round "2.1"]
[White "Lupulescu, Constantin"]
[Black "Miron, Lucian Costin"]
[Result "1-0"]
[WhiteElo "2649"]
[BlackElo "2508"]
[PlyCount "59"]
[EventDate "2020.01.19"]
[EventType "k.o. (blitz)"]
[EventRounds "3"]
[EventCountry "ROU"]
[SourceTitle "CBM 194 Extra"]
[Source "ChessBase"]
[SourceDate "2020.03.31"]
[SourceVersion "1"]
[SourceVersionDate "2020.03.31"]
[SourceQuality "1"]

1. Nf3 d5 2. e3 c5 3. c4 d4 4. exd4 cxd4 5. d3 Nc6 6. g3 e5 7. Bg2 Nf6 8. O-O Bd6 9. b4 ({RR} 9. a3 a5 10. Re1 O-O 11. Nbd2 Re8 12. Ne4 Nxe4 13. Rxe4 Bf5 14. Re1 h6 15. Qc2 Qf6 16. Nd2 Qg6 17. Ne4 Bf8 18. f4 Be6 19. fxe5 Nxe5 20. Bf4 Ng4 21. h3 Ne3 22. Bxe3 dxe3 23. Rxe3 f5 {Narayanan,S (2540)-Kashlinskaya,A (2494) Chess.com INT 2020 0-1 (38)}) ({RR} 9. Re1 O-O 10. Na3 Re8 11. Nc2 a5 12. a3 h6 13. Rb1 a4 14. Nb4 Bd7 15. Bd2 Na5 16. Na2 Rb8 17. c5 Bxc5 18. Nxe5 Be6 19. Qxa4 Nb3 20. Bb4 b5 21. Qa6 Bc8 22. Qc6 Bb7 23. Bxc5 Bxc6 {Crespo,E (2193)-Vazquez,F (2411) Santiago CHI 2025 0-1 (61)}) 9... a6 $146 ({RR} 9... Bxb4 10. Nxe5 Nxe5 11. Qa4+ Nc6 12. Bxc6+ bxc6 13. Qxb4 Qb6 14. Re1+ Be6 15. Qa3 c5 16. Qa4+ Nd7 17. Nd2 O-O 18. Rb1 {1-0 (18) Quezada Pauker,K (1543)-Guerrero Caicedo,A (1381) Guayaquil 2020}) 10. Bg5 h6 11. Bxf6 Qxf6 12. a3 O-O 13. Nbd2 Bf5 14. Qb3 Rfe8 15. Rfe1 Rab8 16. Ne4 Bxe4 17. Rxe4 Qg6 18. Re2 Kh8 19. Rae1 f5 20. Nd2 Qf7 21. c5 Qxb3 22. Nxb3 Bc7 23. Bxc6 bxc6 24. Nxd4 Rbd8 25. Nxc6 Rxd3 26. Nxe5 Bxe5 27. Rxe5 Red8 28. Re8+ Rxe8 29. Rxe8+ Kh7 30. Re3 1-0